000 01242nam0a22002891 4500
001 rc\4889970
005 20260407073419.0
021 _aRU
_b[58-47062]
035 _a(NLR Aleph) 008921904
090 _a8829588
_c8829588
100 _a20130426d1958 |||y0rusy50 ca
101 0 _arus
102 _aRU
105 _aa z |||||
200 1 _aПамятники культуры и искусства древней Америки
_e[Путеводитель по выставке]
_fГос. Эрмитаж
210 _aЛенинград
_cИзд-во Гос. Эрмитажа
_d1958
215 _a32 с.
_cил.
_d17
300 _aПеред загл. авт.: Р.В. Кинжалов
606 _aИскусство народов древней Америки
_xМузейные собрания
_yЛенинград
_2psbo
606 _aКультура народов древней Америки
_xМузейные собрания
_yЛенинград
_2psbo
701 1 _aКинжалов
_bР.В.
_gРостислав Васильевич
710 0 2 _aЭрмитаж
_cЛенинград
_3RU\NLR\AUTH\883314
_9277858
801 0 _aRU
_bNLR
_gpsbo
801 1 _aRU
_bELAR
_2rusmarc
852 _aNLR
_j58-2/1748
942 _cBOOK
980 _aNB